000 00420nam a2200145Ia 4500
008 231217s9999 xx 000 0 und d
041 _aEnglish
082 _a001.6424WIN SCH;1 R
100 _aScheifler, Robert W Gettys, James
245 0 _aX Window system: The complete reference to Xlib, X Protocol,Icccm and Xlfd
250 _a2nd ed.
260 _c1990
_bNew Delhi : PHI,
300 _axxiv+851
942 _cAA
999 _c163668
_d163668